Cádiz CF Squad 2024-2025 - Statistics

General Stats
  • This quiz has been taken 43 times
    17 since last reset
  • The average score is 22 of 30
Answer Stats
# Position Nation Player % Correct
10 FW Uruguay Brian Ocampo
100%
1 GK Spain David Gil
100%
3 DF Spain Fali
100%
20 DF Spain Iza Carcelén
100%
22 FW Spain Javi Ontiveros
100%
7 FW Spain Rubén Sobrino
100%
5 DF Spain Víctor Chust
100%
8 MF Spain Álex Fernández
88%
6 MF Spain Fede San Emeterio
88%
17 MF Argentina Gonzalo Escalante
88%
19 FW Spain José Antonio de la Rosa
88%
2 DF Spain Joseba Zaldua
88%
9 FW Spain Roger Martí
88%
4 MF Spain Rubén Alcaraz
88%
14 DF Serbia Bojan Kovačević
75%
16 FW Spain Chris Ramos
75%
13 GK Spain José Antonio Caro
75%
37 DF Spain Mario Climent
75%
21 MF Chile Tomás Alarcón
75%
23 FW Spain Carlos Fernández
63%
21 DF Spain Iker Recio
63%
11 FW Spain Iván Alejo
63%
18 DF Spain José Matos
63%
12 MF Mali Rominigue Kouamé
63%
15 FW Zambia Francisco Mwepu
50%
- Coach Spain Gaizka Garitano
50%
- Coach Spain Paco López
50%
12 DF Spain Luis Hernández
38%
24 DF Spain Cristian Glauder
25%
25 MF Spain Óscar Melendo
25%
No matching quizzes found
Score Distribution
Percent of People with Each Score
Percentile by Number Answered
Your Score History
You have not taken this quiz since the last reset